La discriminacin̤ retributiva por razn̤ de sexo Brecha salarial y desigualdades de gňero en el mercado de trabajo /

Detalles Bibliográficos
Autor principal: Ballester Pastor, Mara̕ Amparo
Formato: eBook
Lenguaje:español
Publicado: Albacete: Editorial Bomarzo, 2018
Materias:
Acceso en línea:Acceso restringido

MARC

LEADER 00000nam a22000007a 4500
005 20190328120724.0
007 cr|||| ||||
008 190328s2018 es |||||s|||| 00||0 spa d
020 |a 978-84-17310-44-8 
035 |a 23189 
040 |a vLex 
090 |c 8515  |d 8515 
100 1 |a Ballester Pastor, Mara̕ Amparo 
245 1 2 |a La discriminacin̤ retributiva por razn̤ de sexo  |h [Recurso electrn̤ico] :  |b Brecha salarial y desigualdades de gňero en el mercado de trabajo /  |c Mara̕ Amparo Ballester Pastor 
256 |a Servicio en ln̕ea 
260 |a Albacete:  |b Editorial Bomarzo,  |c 2018 
300 |a 1 recurso electrn̤ico 
500 |a La brecha salarial es un problema real que recae fundamentalmente en la incorrecta por estereotipada valoracin̤ del trabajo desempeądo por hombres y mujeres. El presente libro ofrece las herramientas para identificar estas incorrectas valoraciones y expone con detalle los argumentos jurd̕icos que la sostienen y que obligan al establecimiento de criterios retributivos transparentes y objetivos, tanto en la empresa como en la negociacin̤ colectiva Especial atencin̤ se presta a la normativa de la Unin̤ Europea y a la jurisprudencia del Tribunal de justicia de la Unin̤ Europea. 
506 1 |a Disponible solo en los productos indicados  |d vLex Global  |d vLex Global (Academic Edition, excluding Law Schools)  |d vLex Global (U.S. Academic Edition, Law Schools)  |d vLex Global (U.S. Academic Edition, excluding Law Schools)  |d vLex Global (Academic Edition, Law Schools) 
650 0 4 |a Derecho Laboral y Seguridad Social  |z Espaą 
740 0 |a vLex Libros (Servicio en ln̕ea) 
856 4 0 |u http://vlex.com/source/discriminacion-retributiva-por-razon-de-sexo-brecha-salarial-y-desigualdades-de-genero-en-el-mercado-de-trabajo-23189  |z Acceso restringido 
942 |c BOOK 
999 0 |a Labor law and social security